00586nam a2200169Ia 4500952013300000999001700133003000400150005001700154008004100171040000900212082001800221100002700239245005800266260004100324300000900365942004200374 00102ddc40708HISTORYaMESbMEScHISd2019-02-20g300.00l0o954.03 TAY/Pp18305r2019-02-20 00:00:00w2019-02-20yBKzGL37R1 c20170d20170OSt20200624132124.0190216s9999||||xx |||||||||||||| ||und|| coclc a954.03bTAY/P aTaylor, W Cooke 93191 0aA Popular History Of British India /c W Cooke Taylor bMittal Publications, c1985.aDelhi: a612p cBK2ddch954.03iTAY/Pk954.03mTAY/P